Szczegóły MARC
| 000 -ETYKIETA REKORDU |
| podpole kontrolne o stałej długości |
01948nam a2200541 i 4500 |
| 001 - NUMER KONTROLNY REKORDU |
| pole kontrolne |
28107 |
| 003 - IDENTYFIKATOR NUMERU KONTROLNEGO REKORDU |
| podpole kontrolne |
KOSZ 005 |
| 005 - DATA OSTATNIEJ MODYFIKACJI REKORDU |
| podpole kontrolne |
20220509114640.0 |
| 008 - POLE O STAŁEJ DŁUGOŚCI - DANE KONTROLNE |
| podpole kontrolne o stałej długości |
220506s1985 pl a f 001 0 pol |
| 015 ## - NUMER BIBLIOGRAFII NARODOWEJ |
| Numer bibliografii narodowej |
UWD 1985/5836 |
| 020 ## - MIĘDZYNARODOWY ZNORMALIZOWANY NUMER KSIĄŻKI - ISBN |
| ISBN |
8301058277 |
| 035 ## - NUMER SYSTEMOWY |
| Numer systemowy przejętego rekordu |
991008264929705066 |
| 035 ## - NUMER SYSTEMOWY |
| Numer systemowy przejętego rekordu |
(PL-WaBN)b12129835-48omnis_nlop |
| 035 ## - NUMER SYSTEMOWY |
| Numer systemowy przejętego rekordu |
b12129835 |
| 035 ## - NUMER SYSTEMOWY |
| Numer systemowy przejętego rekordu |
(OCoLC)749492395 |
| 035 ## - NUMER SYSTEMOWY |
| Numer systemowy przejętego rekordu |
zz2004948814 |
| 035 ## - NUMER SYSTEMOWY |
| Numer systemowy przejętego rekordu |
(PL)b0000001212983 |
| 035 ## - NUMER SYSTEMOWY |
| Numer systemowy przejętego rekordu |
(EXLNZ-48OMNIS_NETWORK)9910051521605606 |
| 040 ## - ŹRÓDŁO KATALOGOWANIA |
| Instytucja, która sporządziła opis |
WA N |
| Instytucja, która utworzyła rekord |
WA N |
| Instytucja, która dokonała modyfikacji |
KOSZ 005/RW |
| 041 1# - KOD JĘZYKA |
| Kod języka tekstu |
pol |
| Kod języka oryginału |
eng |
| 046 ## - DATY KODOWANE |
| Pojedyncza data lub początek okresu powstania dzieła lub zbioru dzieł |
1979 |
| 080 ## - UNIWERSALNA KLASYFIKACJA DZIESIĘTNA - UKD |
| UKD |
551.4 |
| 245 00 - TYTUŁ/ODPOWIEDZIALNOŚĆ |
| Tytuł |
Geomorfologia dynamiczna : |
| Ciąg dalszy tytułu |
praca zbiorowa / |
| Pozostałe elementy strefy tytułu i oznaczenia odpowiedzialności |
pod redakcją Clifforda Embletona i Johna Thornesa ; z angielskiego przełożył Jacek Gawlik. |
| 246 1# - WARIANT TYTUŁU |
| Treść wyrażenia wprowadzającego |
Tytuł oryginału: |
| Tytuł |
Process in geomorphology, |
| Numeracja zeszytu |
1979 |
| 250 ## - STREFA WYDANIA |
| Oznaczenie wydania |
Wydanie I. |
| 260 ## - STREFA ADRESU WYDAWNICZEGO |
| Miejsce wydania |
Warszawa : |
| Nazwa wydawcy/dystrybutora |
Państwowe Wydawnictwo Naukowe, |
| Data publikacji, dystrybucji/powstania dokumentu |
1985. |
| 300 ## - STREFA OPISU FIZYCZNEGO |
| Objętość |
478, [1] stron, [16] stron tablic : |
| Inne cechy fizyczne |
fotografie, rysunki, wykresy ; |
| Rozmiary |
25 cm. |
| 336 ## - TYP ZAWARTOŚCI |
| Termin opisujący typ zawartości |
Tekst |
| Kod określający zawartość |
txt |
| Źródło (terminu i kodu) |
rdacontent |
| 337 ## - TYP MEDIÓW |
| Tryb odtwarzania |
Bez urządzenia pośredniczącego |
| Kod typu mediów |
n |
| Źródło (terminu i kodu) |
rdamedia |
| 338 ## - TYP/RODZAJ NOŚNIKA |
| Hasło opisujące typ nośnika |
Wolumin |
| Kod typu nośnika |
nc |
| Źródło (terminu i kodu) |
rdacarrier |
| 380 ## - FORMA I TYP PUBLIKACJI |
| Forma i typ publikacji |
Książki |
| 380 ## - FORMA I TYP PUBLIKACJI |
| Forma i typ publikacji |
Publikacje naukowe |
| 388 1# - CZAS POWSTANIA |
| Czas powstania |
1901-2000 |
| 388 1# - CZAS POWSTANIA |
| Czas powstania |
1945-1989 |
| 504 ## - UWAGA DOTYCZĄCA BIBLIOGRAFII |
| Informacje o bibliografii |
Bibliografia na stronach 434-[467]. Indeks. |
| 650 #7 - HASŁO PRZEDMIOTOWE W FORMIE NAZWY OGÓLNEJ LUB JEDNOSTKOWEJ |
| Nazwa ogólna lub geograficzna |
Geologia dynamiczna |
| Źródło hasła lub terminu |
DBN |
| 650 #7 - HASŁO PRZEDMIOTOWE W FORMIE NAZWY OGÓLNEJ LUB JEDNOSTKOWEJ |
| Nazwa ogólna lub geograficzna |
Geomorfologia |
| Źródło hasła lub terminu |
DBN |
| 650 #7 - HASŁO PRZEDMIOTOWE W FORMIE NAZWY OGÓLNEJ LUB JEDNOSTKOWEJ |
| Nazwa ogólna lub geograficzna |
Rzeźba terenu |
| Źródło hasła lub terminu |
DBN |
| 655 #7 - TERMIN INDEKSOWY - OKREŚLENIE RODZAJU/FORMY DOKUMENTU |
| Określenie rodzaju/formy dokumentu |
Praca zbiorowa |
| 658 ## - TERMIN INDEKSOWY - PRZEDMIOT PROGRAMU NAUCZANIA |
| Główny przedmiot programu nauczania |
Geografia i nauki o Ziemi |
| 700 1# - HASŁO DODATKOWE - NAZWA OSOBOWA |
| Nazwa osobowa |
Embleton, Clifford |
| Daty związane z nazwą |
(1931-1994) |
| Określenie związku między hasłem a opisywanym materiałem |
Redakcja |
| 700 1# - HASŁO DODATKOWE - NAZWA OSOBOWA |
| Nazwa osobowa |
Gawlik, Jacek |
| Określenie związku między hasłem a opisywanym materiałem |
Tłumaczenie |
| 700 1# - HASŁO DODATKOWE - NAZWA OSOBOWA |
| Nazwa osobowa |
Thornes, John B. |
| Daty związane z nazwą |
(1940-2008) |
| Określenie związku między hasłem a opisywanym materiałem |
Redakcja |
| 710 2# - HASŁO DODATKOWE - NAZWA CIAŁA ZBIOROWEGO |
| Nazwa ciała zbiorowego lub jednostki geograficznej |
Państwowe Wydawnictwo Naukowe |
| Kod określenia powiązania |
pbl |
| 856 ## - LOKALIZACJA I DOSTĘP DO ELEKTRONICZNYCH DOKUMENTÓW ZDALNYCH |
| Link (URL) |
http://koha.tu.koszalin.pl/cgi-bin/koha/opac-detail.pl?biblionumber=28107 |
| Tekst linku |
Katalog online BPK |
| 942 ## - DODATKOWE ELEMENTY (KOHA) |
| Schemat klasyfikacji |
Uniwersalna Klasyfikacja Dziesiętna |
| Typ dokumentu |
Książka |